[Event "II Aberto do Brasil de Maringa id. fide 69253 id. 
[Site "Maringa - Parana - Brasil"]
[Date "2012.08.08"]
[Round "1"]
[Board "1"]
[White "ANGELOTTI, Rafaela Beatriz"]
[Black "MARECO, Sandro"]
[Result "0-1"]
[WhiteElo "1883"]
[BlackElo "2589"]
[PlyCount "61"]
[EventDate "2012.08.08"]
[EventRounds "9"]
[EventCountry "BRA"]

1. e4 c5 2. Nf3 d6 3. d4 cxd4 4. Nxd4 Nf6 5. Nf3 a6 6. Be3 e5 7. Nc3 Qc7 8. Be2
Be7 9. O-O O-O 10. Qd3 b5 11. a3 Nfd7 12. Rad1 Bb7 13. Bg5 Nc5 14. Qd2 Bxe4 15.
Nxe4 Nxe4 16. Qe3 Nxg5 17. Nxg5 d5 18. Nf3 Re8 19. Qc3 Qxc3 20. bxc3 Bxa3 21.
Nd2 Rc8 22. Nb1 Bb2 23. Rfe1 Bxc3 24. Nxc3 Rxc3 25. Rd2 g6 26. Bd1 b4 27. Rd3
Rxd3 28. cxd3 a5 29. Re2 a4 30. Ra2 Nc6 31. Bc2 0-1

[Event "II Aberto do Brasil de Maringa id. fide 69253 id. 
[Site "Maringa - Parana - Brasil"]
[Date "2012.08.08"]
[Round "1"]
[Board "4"]
[White "MATSUURA, Everaldo"]
[Black "LORENSETTI, Jesse Emanoel"]
[Result "1-0"]
[WhiteElo "2487"]
[BlackElo "1875"]
[PlyCount "47"]
[EventDate "2012.08.08"]
[EventRounds "9"]
[EventCountry "BRA"]

1. c4 Nf6 2. d4 g6 3. f3 Bg7 4. e4 d6 5. Nc3 O-O 6. Bg5 Nbd7 7. Qd2 Re8 8. Nge2
c6 9. O-O-O Qc7 10. h4 h5 11. g4 e5 12. gxh5 Nxh5 13. d5 c5 14. Bh3 Nf8 15. Bg4
Nf6 16. Bxc8 Raxc8 17. Ng3 Qd7 18. h5 gxh5 19. Nf5 Ng6 20. Rdg1 Red8 21. Nb5 a6
22. Nbxd6 Rc7 23. Nxg7 Kxg7 24. Nf5+ 1-0

[Event "II Aberto do Brasil de Maringa id. fide 69253 id. 
[Site "Maringa - Parana - Brasil"]
[Date "2012.08.08"]
[Round "1"]
[Board "5"]
[White "TONETTE, Janaine Gusmao"]
[Black "MOLINA, Roberto Junio Brito"]
[Result "0-1"]
[WhiteElo "1873"]
[BlackElo "2423"]
[PlyCount "55"]
[EventDate "2012.08.08"]
[EventRounds "9"]
[EventCountry "BRA"]

1. d4 Nf6 2. Nf3 c5 3. c3 g6 4. Bg5 Bg7 5. Nbd2 Qc7 6. Rc1 O-O 7. e4 d6 8. Bd3
h6 9. Bf4 Nh5 10. Be3 e5 11. O-O b6 12. Re1 Nc6 13. d5 Ne7 14. c4 Qd8 15. Nf1
Qe8 16. Nh4 f5 17. exf5 gxf5 18. Be2 Nf6 19. f4 Ng6 20. Nxg6 Qxg6 21. Ng3 Bd7
22. Bd2 Rae8 23. Nh5 Re7 24. fxe5 dxe5 25. Nxg7 Rxg7 26. Bf1 Ne4 27. b3 f4 28.
Bc3 0-1

[Event "II Aberto do Brasil de Maringa id. fide 69253 id. 
[Site "Maringa - Parana - Brasil"]
[Date "2012.08.08"]
[Round "1"]
[Board "6"]
[White "STAMENKOVIC, Dragan"]
[Black "KIHARA, Eric Juliani"]
[Result "1-0"]
[WhiteElo "2383"]
[BlackElo "1870"]
[PlyCount "75"]
[EventDate "2012.08.08"]
[EventRounds "9"]
[EventCountry "BRA"]

1. e4 c5 2. Nf3 e6 3. c3 Nf6 4. Bd3 g6 5. O-O Bg7 6. Re1 O-O 7. Bc2 d5 8. e5
Nfd7 9. d4 c4 10. h4 h5 11. Ng5 Re8 12. g4 Nf8 13. gxh5 gxh5 14. Qxh5 Re7 15.
Re3 Qe8 16. Bh7+ Nxh7 17. Qxh7+ Kf8 18. Rg3 Qd8 19. h5 Ke8 20. Qxg7 Kd7 21. h6
f5 22. Qf6 Kc7 23. h7 Rxh7 24. Nxh7 Qxf6 25. exf6 Nd7 26. Bf4+ Kc6 27. f7 b6
28. Rg8 Kb7 29. Nd2 Ka6 30. Re1 b5 31. Rxe6+ Ka5 32. b4+ Ka4 33. Rxc8 Ka3 34.
Rxa8 Kb2 35. Rxa7 Nb8 36. f8=Q Kc2 37. Nb1 Kd3 38. Qxf5# 1-0

[Event "II Aberto do Brasil de Maringa id. fide 69253 id. 
[Site "Maringa - Parana - Brasil"]
[Date "2012.08.08"]
[Round "1"]
[Board "7"]
[White "ABDULLA, Samir Tawfeiq"]
[Black "ABDALLA, Luiz Guilherme Aurelli"]
[Result "0-1"]
[WhiteElo "1868"]
[BlackElo "2338"]
[PlyCount "70"]
[EventDate "2012.08.08"]
[EventRounds "9"]
[EventCountry "BRA"]

1. d4 d5 2. c4 e6 3. Nf3 c6 4. g3 dxc4 5. Bg2 Nf6 6. O-O b5 7. a4 Bb7 8. Ne5
Nd5 9. b3 cxb3 10. axb5 cxb5 11. Qxb3 a6 12. Na3 Nd7 13. Nac4 Nxe5 14. dxe5 Bc5
15. Na5 Qb6 16. Nxb7 Qxb7 17. Bd2 O-O 18. Rfd1 Bd4 19. Bb4 Bxa1 20. Bxf8 Rxf8
21. Rxa1 Qb6 22. Bxd5 exd5 23. Qxd5 a5 24. Rc1 Rd8 25. Qe4 h6 26. Rc6 Qd4 27.
Qxd4 Rxd4 28. Rc5 Rb4 29. Kf1 Rb1+ 30. Kg2 a4 31. Rc8+ Kh7 32. Rf8 a3 33. Rxf7
a2 34. e6 a1=Q 35. e7 Qe5 0-1

[Event "II Aberto do Brasil de Maringa id. fide 69253 id. 
[Site "Maringa - Parana - Brasil"]
[Date "2012.08.08"]
[Round "1"]
[Board "8"]
[White "TSUBOI, Edson Kenji"]
[Black "SUEMI KAWAKAMI, Keila"]
[Result "1-0"]
[WhiteElo "2308"]
[BlackElo "1868"]
[PlyCount "87"]
[EventDate "2012.08.08"]
[EventRounds "9"]
[EventCountry "BRA"]

1. d4 Nf6 2. c4 e6 3. g3 Be7 4. Bg2 O-O 5. Nf3 d6 6. O-O c5 7. Nc3 cxd4 8. Nxd4
a6 9. b3 Qc7 10. Bb2 Nc6 11. Rc1 Bd7 12. Nd5 exd5 13. cxd5 Nxd5 14. Bxd5 Qb6
15. Be4 Rfe8 16. Nf5 Bxf5 17. Bxf5 Ne5 18. Rc2 Rad8 19. Rd2 Qa5 20. Rd5 Qc7 21.
Qb1 h6 22. Rc1 Qb8 23. Rcd1 b5 24. Be4 Nd7 25. Bf3 Ne5 26. Bg2 Bf8 27. h3 Nd7
28. R5d2 Nb6 29. Qf5 Re6 30. e3 Qc7 31. h4 Nd7 32. Bd5 Re7 33. h5 Nc5 34. Rd4
Qd7 35. Qxd7 Nxd7 36. Rc1 Nf6 37. Bf3 Ra7 38. Rd2 a5 39. Bd4 Ra6 40. Bb7 Rda8
41. Bxa6 Rxa6 42. Bxf6 gxf6 43. Rd4 Be7 44. Rg4+ 1-0

[Event "II Aberto do Brasil de Maringa id. fide 69253 id. 
[Site "Maringa - Parana - Brasil"]
[Date "2012.08.08"]
[Round "1"]
[Board "9"]
[White "LEAO, Aline Rocha"]
[Black "CAVALCANTI, Francisco De Assis"]
[Result "0-1"]
[WhiteElo "1858"]
[BlackElo "2290"]
[PlyCount "50"]
[EventDate "2012.08.08"]
[EventRounds "9"]
[EventCountry "BRA"]

1. e4 c5 2. Nf3 d6 3. Nc3 Nf6 4. Bc4 e6 5. O-O Be7 6. d3 O-O 7. Re1 Nc6 8. Be3
d5 9. exd5 exd5 10. Bxd5 Nxd5 11. Ne4 Nxe3 12. Rxe3 Bg4 13. Qc1 Bxf3 14. Rxf3
Nd4 15. Qd1 Nxf3+ 16. Qxf3 Qd7 17. Re1 Rae8 18. Kf1 Bd8 19. Rd1 Qc6 20. Qf5 Bc7
21. g3 Re5 22. Qf3 Qa6 23. Qg2 Rfe8 24. f4 R5e6 25. Qf2 f5 0-1

[Event "II Aberto do Brasil de Maringa id. fide 69253 id. 
[Site "Maringa - Parana - Brasil"]
[Date "2012.08.08"]
[Round "1"]
[Board "10"]
[White "BUENO, Alfeu Junior Varela"]
[Black "BIANCHI, Willian Domingues"]
[Result "0-1"]
[WhiteElo "2288"]
[BlackElo "1853"]
[PlyCount "102"]
[EventDate "2012.08.08"]
[EventRounds "9"]
[EventCountry "BRA"]

1. e4 Nf6 2. e5 Nd5 3. d4 d6 4. c4 Nb6 5. exd6 cxd6 6. Nc3 g6 7. Be3 Bg7 8. Rc1
O-O 9. b3 Nc6 10. d5 Ne5 11. Be2 Ned7 12. Bd4 Nf6 13. Nf3 Re8 14. O-O e5 15.
dxe6 Bxe6 16. Qd2 d5 17. c5 Nbd7 18. Qb2 Nh5 19. Bxg7 Nxg7 20. Nb5 Re7 21. b4
a6 22. Nd6 Qc7 23. Qd4 Ne8 24. Qh4 f6 25. Qg3 Nf8 26. Nd4 Rd8 27. N4f5 Bxf5 28.
Nxf5 Rxe2 29. Nh6+ Kg7 30. Nf5+ Kh8 31. Qf3 Re4 32. Ne3 Qf4 33. Qxf4 Rxf4 34.
a3 Re4 35. Rfd1 Nc7 36. Nc4 Re7 37. Nd6 Nb5 38. Rxd5 Nxd6 39. cxd6 Red7 40.
Rcd1 Kg7 41. f4 Kf7 42. g4 Ne6 43. f5 Ng5 44. Rc1 Nf3+ 45. Kg2 Ne5 46. Rcd1
Nxg4 47. Kf3 Nh6 48. fxg6+ hxg6 49. h4 Ke6 50. R5d2 Nf7 51. Re1+ Ne5+ 0-1

[Event "II Aberto do Brasil de Maringa id. fide 69253 id. 
[Site "Maringa - Parana - Brasil"]
[Date "2012.08.08"]
[Round "1"]
[Board "11"]
[White "TACCONI DA SILVA, Lucas"]
[Black "DELGADO, Lidio Dias"]
[Result "0-1"]
[WhiteElo "1850"]
[BlackElo "2285"]
[PlyCount "90"]
[EventDate "2012.08.08"]
[EventRounds "9"]
[EventCountry "BRA"]

1. c4 Nf6 2. Nc3 d6 3. g3 g6 4. Bg2 Bg7 5. Nf3 O-O 6. O-O Nc6 7. d3 e5 8. Rb1
a5 9. a3 h6 10. b4 axb4 11. axb4 Be6 12. b5 Ne7 13. Bb2 Qd7 14. Re1 Nh5 15. Qb3
f5 16. Nd2 c6 17. bxc6 bxc6 18. Ba3 Ra7 19. Ra1 Rfa8 20. Bb2 d5 21. Rxa7 Rxa7
22. Ra1 Rxa1+ 23. Bxa1 e4 24. cxd5 cxd5 25. Qb8+ Kh7 26. Bb2 Nc6 27. Qb5 Qd6
28. Na4 Nd4 29. Bxd4 Bxd4 30. e3 Bd7 31. Qb3 Bg7 32. d4 Nf6 33. Nc5 Bc8 34. Qc2
Qc7 35. Qb2 g5 36. Bf1 f4 37. Ba6 fxe3 38. fxe3 Ng4 39. Bxc8 Qxc8 40. Nf1 Qxc5
41. h3 Nxe3 42. dxc5 Bxb2 43. Nxe3 Bd4 44. Kf2 Bxc5 45. Ke2 Bxe3 0-1

[Event "II Aberto do Brasil de Maringa id. fide 69253 id. 
[Site "Maringa - Parana - Brasil"]
[Date "2012.08.08"]
[Round "1"]
[Board "13"]
[White "SIRAHATA HASEGAVA, Flavia"]
[Black "BRITO, Luismar"]
[Result "0-1"]
[WhiteElo "1848"]
[BlackElo "2275"]
[PlyCount "106"]
[EventDate "2012.08.08"]
[EventRounds "9"]
[EventCountry "BRA"]

1. d4 Nf6 2. Nf3 c5 3. e3 e6 4. Bd3 b6 5. c3 Bb7 6. Nbd2 Nc6 7. e4 cxd4 8. Nxd4
Ne5 9. Qe2 Nxd3+ 10. Qxd3 Qc7 11. N4f3 d6 12. O-O Be7 13. Re1 O-O 14. h3 Rfd8
15. Qe2 Nd7 16. Nb3 a5 17. Qc2 Rac8 18. Be3 a4 19. Nbd2 a3 20. Rac1 axb2 21.
Qxb2 Ra8 22. Rb1 Ra6 23. Rec1 d5 24. exd5 Ba3 25. Qc2 Bxc1 26. Rxc1 Bxd5 27. c4
Bxf3 28. Nxf3 Rda8 29. Rd1 Ra4 30. Nd2 Qc6 31. Qb3 h6 32. a3 R8a6 33. Bd4 e5
34. Be3 Nc5 35. Bxc5 Qxc5 36. Ra1 Rxa3 37. Rxa3 Rxa3 38. Qb2 Rd3 39. Qc2 Qd4
40. Nf3 Rd1+ 41. Kh2 Qf4+ 42. g3 Qxf3 43. Qxd1 Qxd1 44. Kg2 e4 45. h4 g5 46.
hxg5 hxg5 47. Kh3 Kg7 48. g4 Qf3+ 49. Kh2 Qxf2+ 50. Kh3 f5 51. gxf5 Kf6 52. c5
Kxf5 53. c6 g4# 0-1

[Event "II Aberto do Brasil de Maringa id. fide 69253 id. 
[Site "Maringa - Parana - Brasil"]
[Date "2012.08.08"]
[Round "1"]
[Board "14"]
[White "GONZALEZ, Bolivar Ribeiro"]
[Black "DA SILVA, Alan Guimaraes"]
[Result "1-0"]
[WhiteElo "2257"]
[BlackElo "1839"]
[PlyCount "42"]
[EventDate "2012.08.08"]
[EventRounds "9"]
[EventCountry "BRA"]

1. e4 g6 2. d4 Bg7 3. Nc3 d6 4. Be3 Nf6 5. f3 O-O 6. Qd2 h5 7. O-O-O c6 8. h4
Qc7 9. Bh6 Kh7 10. Bg5 a5 11. g4 Nbd7 12. Nge2 e5 13. d5 c5 14. Ng3 Rh8 15.
gxh5 Nxh5 16. Nxh5 gxh5 17. Nb5 Qb6 18. c4 f6 19. Be3 Nb8 20. Rg1 Bd7 21. Qg2
Kg8 1-0

[Event "II Aberto do Brasil de Maringa id. fide 69253 id. 
[Site "Maringa - Parana - Brasil"]
[Date "2012.08.08"]
[Round "1"]
[Board "15"]
[White "FRANCA, Willian Bento"]
[Black "MARTINS, Carlos"]
[Result "0-1"]
[WhiteElo "1830"]
[BlackElo "2250"]
[PlyCount "36"]
[EventDate "2012.08.08"]
[EventRounds "9"]
[EventCountry "BRA"]

1. e4 c5 2. Nf3 e6 3. c3 Nf6 4. e5 Nd5 5. d4 cxd4 6. cxd4 d6 7. exd6 Bxd6 8.
Nc3 Nxc3 9. bxc3 O-O 10. Bd3 Nd7 11. Bxh7+ Kxh7 12. Ng5+ Kg8 13. h4 Nf6 14. h5
Nh7 15. Ne4 f5 16. Nxd6 Qxd6 17. Qf3 Qd5 18. Qg3 Qe4+ 0-1

[Event "II Aberto do Brasil de Maringa id. fide 69253 id. 
[Site "Maringa - Parana - Brasil"]
[Date "2012.08.08"]
[Round "1"]
[Board "16"]
[White "VILLALBA, Marcelo"]
[Black "COSTA, Ane Caroline"]
[Result "1-0"]
[WhiteElo "2243"]
[BlackElo "1825"]
[PlyCount "51"]
[EventDate "2012.08.08"]
[EventRounds "9"]
[EventCountry "BRA"]

1. e4 c5 2. Nf3 e6 3. d4 cxd4 4. Nxd4 a6 5. Nc3 Nc6 6. Nb3 Nf6 7. Bd3 Be7 8.
O-O O-O 9. f4 d6 10. Qf3 Qc7 11. Bd2 Bd7 12. Rac1 Rad8 13. Kh1 e5 14. Nd5 Qc8
15. Nxe7+ Nxe7 16. fxe5 dxe5 17. Bg5 Qc6 18. Bxf6 Qxf6 19. Qxf6 gxf6 20. Rxf6
Kg7 21. Rb6 Bc6 22. Na5 Nc8 23. Rb4 Nd6 24. Nxc6 bxc6 25. Ra4 a5 26. Rxa5 1-0

[Event "II Aberto do Brasil de Maringa id. fide 69253 id. 
[Site "Maringa - Parana - Brasil"]
[Date "2012.08.08"]
[Round "1"]
[Board "17"]
[White "DA SILVA, Janaina Alice Borges"]
[Black "QUINTILIANO PINTO, Renato R"]
[Result "0-1"]
[WhiteElo "1825"]
[BlackElo "2238"]
[PlyCount "82"]
[EventDate "2012.08.08"]
[EventRounds "9"]
[EventCountry "BRA"]

1. d4 d5 2. Nf3 Nf6 3. Bf4 c5 4. c3 Nc6 5. e3 Bg4 6. Nbd2 e6 7. Bd3 Be7 8. h3
Bh5 9. O-O O-O 10. Qe1 Qb6 11. Rb1 Rad8 12. Ne5 Bd6 13. Nxc6 Qxc6 14. Bg5 Bg6
15. Bxf6 Bxd3 16. Bxd8 Rxd8 17. Rc1 Qb5 18. b3 Qa6 19. Ra1 cxd4 20. cxd4 Ba3
21. Qd1 Bxf1 22. Qxf1 Qa5 23. Rd1 Bb4 24. Qd3 Qxa2 25. Nf3 Rc8 26. Ng5 Qc2 27.
Nf3 Rc3 28. Qxc2 Rxc2 29. Ra1 a5 30. Rb1 f6 31. Kf1 b6 32. Ne1 Bxe1 33. Kxe1
Kf7 34. g3 Ke7 35. Kf1 Kd6 36. b4 a4 37. b5 a3 38. Ra1 a2 39. Kg2 h5 40. Kf3 g5
41. g4 h4 0-1

[Event "II Aberto do Brasil de Maringa id. fide 69253 id. 
[Site "Maringa - Parana - Brasil"]
[Date "2012.08.08"]
[Round "1"]
[Board "18"]
[White "UMETSUBO, Cesar Hidemitsu"]
[Black "GOETTEN WAGNER, Julia"]
[Result "1-0"]
[WhiteElo "2236"]
[BlackElo "1821"]
[PlyCount "41"]
[EventDate "2012.08.08"]
[EventRounds "9"]
[EventCountry "BRA"]

1. d4 Nf6 2. Nf3 e6 3. Nbd2 d5 4. e3 c5 5. c3 Nc6 6. Bd3 Bd6 7. O-O O-O 8. dxc5
Bxc5 9. e4 dxe4 10. Nxe4 Be7 11. Qe2 Qc7 12. Nfg5 Nxe4 13. Qxe4 g6 14. Re1 Bd7
15. Qh4 Bxg5 16. Bxg5 f6 17. Bxf6 Rxf6 18. Qxf6 Rf8 19. Qg5 Qb6 20. Re2 Nd8 21.
Bxg6 1-0

[Event "II Aberto do Brasil de Maringa id. fide 69253 id. 
[Site "Maringa - Parana - Brasil"]
[Date "2012.08.08"]
[Round "1"]
[Board "19"]
[White "CASTRO SILVA, Alex"]
[Black "FELICIANO EBERT, Vanessa"]
[Result "0-1"]
[WhiteElo "1820"]
[BlackElo "2231"]
[PlyCount "66"]
[EventDate "2012.08.08"]
[EventRounds "9"]
[EventCountry "BRA"]

1. Nf3 g6 2. g3 Bg7 3. Bg2 d6 4. O-O e5 5. d3 f5 6. e4 Nf6 7. Nc3 Nc6 8. Bg5 h6
9. Bxf6 Qxf6 10. Nd5 Qf7 11. Nh4 O-O 12. exf5 gxf5 13. Ne3 Be6 14. Bf3 Ne7 15.
Bh5 Qf6 16. Qf3 f4 17. Neg2 Qg5 18. g4 Bd5 19. Qh3 Bf6 20. Nf3 Qg7 21. c4 Bc6
22. b4 e4 23. Rab1 exf3 24. Nxf4 Bd7 25. Rbe1 Be5 26. Nd5 Nxd5 27. cxd5 Be8 28.
Kh1 Kh8 29. Rg1 Qg5 30. Re4 Bf7 31. Rge1 Bxd5 32. R4e3 Bd4 33. Re7 Bxf2 0-1

[Event "II Aberto do Brasil de Maringa id. fide 69253 id. 
[Site "Maringa - Parana - Brasil"]
[Date "2012.08.08"]
[Round "1"]
[Board "20"]
[White "PROUDIAN, Armen"]
[Black "FISCHER JUNIOR, Donaldo"]
[Result "1-0"]
[WhiteElo "2223"]
[BlackElo "1820"]
[PlyCount "63"]
[EventDate "2012.08.08"]
[EventRounds "9"]
[EventCountry "BRA"]

1. e4 e5 2. Nf3 Nc6 3. Bb5 Bc5 4. c3 d6 5. O-O Bd7 6. d4 exd4 7. cxd4 Bb6 8.
Nc3 Nge7 9. Re1 O-O 10. Be3 h6 11. Qd2 Ng6 12. a4 a6 13. Bc4 Bg4 14. Be2 f5 15.
Bxh6 Bxf3 16. Bg5 Qd7 17. Bxf3 Nxd4 18. Bh5 f4 19. Nd5 Ba7 20. Nxf4 Nxf4 21.
Bxf4 Qe6 22. Bd1 Rf6 23. Ra3 Raf8 24. Bg3 d5 25. exd5 Qxd5 26. Bb3 Qxb3 27.
Rxb3 b5 28. axb5 axb5 29. Rbe3 Kh7 30. Qd3+ Kh6 31. Be5 Ne2+ 32. R1xe2 1-0

[Event "II Aberto do Brasil de Maringa id. fide 69253 id. 
[Site "Maringa - Parana - Brasil"]
[Date "2012.08.08"]
[Round "1"]
[Board "21"]
[White "PEREIRA, Bruno Ferreira"]
[Black "RIOS FILHO, Hilton Carlos"]
[Result "0-1"]
[WhiteElo "1817"]
[BlackElo "2212"]
[PlyCount "70"]
[EventDate "2012.08.08"]
[EventRounds "9"]
[EventCountry "BRA"]

1. d4 Nf6 2. c4 g6 3. Nc3 d5 4. cxd5 Nxd5 5. e4 Nxc3 6. bxc3 Bg7 7. Bc4 c5 8.
Be3 Nc6 9. Ne2 O-O 10. O-O Qc7 11. Rc1 Rd8 12. Nf4 e6 13. Ne2 b6 14. Qd2 Bb7
15. Rfd1 Ne5 16. Bd3 Ng4 17. Bf4 e5 18. Bg3 Qe7 19. f3 Bh6 20. f4 exd4 21. cxd4
cxd4 22. Re1 a6 23. h3 Ne5 24. Rcd1 Nxd3 25. Qxd3 Bxe4 26. Qb3 Qb7 27. f5 Rac8
28. Rxd4 Rxd4 29. Nxd4 Bxg2 30. fxg6 hxg6 31. Bh4 Bd2 32. Re7 Rc1+ 33. Kf2 Qd5
34. Qxb6 Bc3 35. Re8+ Kh7 0-1

[Event "II Aberto do Brasil de Maringa id. fide 69253 id. 
[Site "Maringa - Parana - Brasil"]
[Date "2012.08.08"]
[Round "1"]
[Board "23"]
[White "KANEDA, Eric Kazuichi"]
[Black "CHEMIN, Vitorio"]
[Result "0-1"]
[WhiteElo "1815"]
[BlackElo "2205"]
[PlyCount "132"]
[EventDate "2012.08.08"]
[EventRounds "9"]
[EventCountry "BRA"]

1. e4 c5 2. f4 d5 3. e5 Nc6 4. Nf3 Bf5 5. Bb5 e6 6. d4 Qb6 7. Nc3 a6 8. Ba4 Bg4
9. Bxc6+ bxc6 10. O-O cxd4 11. Na4 Qb5 12. b3 c5 13. h3 Bf5 14. Ba3 Be7 15. c4
dxc3 16. Nxc3 Qd3 17. Rc1 c4 18. Bxe7 Nxe7 19. bxc4 Qxd1 20. Rfxd1 dxc4 21. Na4
Nd5 22. Rd4 c3 23. Rc4 c2 24. Ne1 O-O 25. Nxc2 Bxc2 26. R4xc2 Nxf4 27. Nb6 Rad8
28. Re1 g5 29. g3 Nxh3+ 30. Kh2 g4 31. Ree2 Rd4 32. Rc7 Rfd8 33. Rcc2 Rd1 34.
Rg2 Rb1 35. Rc8 Rxc8 36. Nxc8 Re1 37. Ne7+ Kg7 38. Nc6 Ng5 39. Rb2 Nf3+ 40. Kg2
Nxe5 41. Nxe5 Rxe5 42. Kf2 h5 43. Rb3 Rf5+ 44. Kg2 Rf3 45. Rb6 Ra3 46. Rb2 f5
47. Re2 Kf6 48. Kf2 h4 49. gxh4 Rh3 50. Kg2 f4 51. Rb2 f3+ 52. Kg1 g3 53. a3
f2+ 54. Kg2 Rh1 55. Kxg3 f1=Q 56. Rf2+ Qxf2+ 57. Kxf2 Rxh4 58. Kg3 Re4 59. Kf3
Kf5 60. a4 a5 61. Kf2 Kg4 62. Kg2 Re2+ 63. Kf1 Kf3 64. Kg1 Kg3 65. Kf1 Re3 66.
Kg1 Re1# 0-1

[Event "II Aberto do Brasil de Maringa id. fide 69253 id. 
[Site "Maringa - Parana - Brasil"]
[Date "2012.08.08"]
[Round "1"]
[Board "24"]
[White "OSIPI, Jair"]
[Black "BORGES, Ingryd Salete"]
[Result "1-0"]
[WhiteElo "2204"]
[BlackElo "1814"]
[PlyCount "49"]
[EventDate "2012.08.08"]
[EventRounds "9"]
[EventCountry "BRA"]

1. d4 Nf6 2. c4 e5 3. dxe5 Ng4 4. e4 Nxe5 5. f4 Qh4+ 6. g3 Qf6 7. fxe5 Qxe5 8.
Nc3 Bb4 9. Bd2 Bxc3 10. Bxc3 Qxe4+ 11. Qe2 Qxe2+ 12. Bxe2 O-O 13. O-O-O Nc6 14.
Nf3 Re8 15. Rhe1 d6 16. Nd4 Nxd4 17. Bxd4 Bf5 18. Bf3 Rxe1 19. Rxe1 h6 20. Bxb7
Rb8 21. Bc6 Rb4 22. Re8+ Kh7 23. b3 Be6 24. Be4+ g6 25. Rh8# 1-0

[Event "II Aberto do Brasil de Maringa id. fide 69253 id. 
[Site "Maringa - Parana - Brasil"]
[Date "2012.08.08"]
[Round "1"]
[Board "25"]
[White "RAMOS, Gabriel"]
[Black "CRUZ, William Ferreira Da"]
[Result "0-1"]
[WhiteElo "1810"]
[BlackElo "2188"]
[PlyCount "62"]
[EventDate "2012.08.08"]
[EventRounds "9"]
[EventCountry "BRA"]

1. e4 e6 2. Nf3 d5 3. e5 c5 4. d3 Nc6 5. Nbd2 Nge7 6. Be2 Ng6 7. b3 Ngxe5 8.
Nxe5 Nxe5 9. Bb2 Bd6 10. d4 cxd4 11. Bxd4 O-O 12. Bxe5 Bxe5 13. Nf3 Bxa1 14.
Qxa1 Qa5+ 15. c3 Bd7 16. O-O Bb5 17. Bxb5 Qxb5 18. Ne5 Rac8 19. c4 dxc4 20.
bxc4 Qa5 21. Rd1 Rfd8 22. Nd7 Qa4 23. Qd4 e5 24. Qd6 Qxc4 25. h3 Qe6 26. Qd2
Kh8 27. Rc1 Qxd7 28. Qe3 Rxc1+ 29. Qxc1 Qd1+ 30. Qxd1 Rxd1+ 31. Kh2 b5 0-1

[Event "II Aberto do Brasil de Maringa id. fide 69253 id. 
[Site "Maringa - Parana - Brasil"]
[Date "2012.08.08"]
[Round "1"]
[Board "26"]
[White "CALCADO, Acyr Rogerio"]
[Black "SANTA ISABEL, Marivaldo Dos Rei"]
[Result "1-0"]
[WhiteElo "2165"]
[BlackElo "1809"]
[PlyCount "75"]
[EventDate "2012.08.08"]
[EventRounds "9"]
[EventCountry "BRA"]

1. e4 c5 2. Nf3 d6 3. d4 cxd4 4. Nxd4 Nf6 5. Nc3 a6 6. Bg5 e6 7. f4 Be7 8. Qf3
Nc6 9. O-O-O h6 10. Bh4 Bd7 11. Bf2 Rc8 12. g4 b5 13. Nxc6 Rxc6 14. e5 Nh7 15.
h4 Qa5 16. Kb1 d5 17. Ne2 Bc5 18. g5 Nf8 19. h5 Bxf2 20. Qxf2 Rc4 21. Nc1 Rc8
22. Bd3 Bc6 23. Nb3 Qc7 24. Nd4 Bd7 25. Rde1 Qd8 26. Rhf1 g6 27. hxg6 fxg6 28.
gxh6 Rxh6 29. Rh1 Rxh1 30. Rxh1 Qe7 31. Rh8 Qg7 32. Qh4 Kf7 33. Nf3 Ke8 34. Nh2
Bc6 35. Ng4 Kd7 36. Rg8 Qf7 37. Qh8 Qxf4 38. Qg7+ 1-0

[Event "II Aberto do Brasil de Maringa id. fide 69253 id. 
[Site "Maringa - Parana - Brasil"]
[Date "2012.08.08"]
[Round "1"]
[Board "27"]
[White "TEIXEIRA, Guilherme Vargas"]
[Black "NAME, Gabriel Ricardo Salim"]
[Result "0-1"]
[WhiteElo "1806"]
[BlackElo "2160"]
[PlyCount "41"]
[EventDate "2012.08.08"]
[EventRounds "9"]
[EventCountry "BRA"]

1. d4 Nf6 2. c4 e6 3. Nc3 Bb4 4. e3 b6 5. Bd3 Bb7 6. Nf3 O-O 7. O-O d5 8. Qe2
Nbd7 9. Rd1 c5 10. a3 Bxc3 11. bxc3 Qc7 12. Bb2 Rac8 13. Rac1 Rfe8 14. Qf1 dxc4
15. Bxc4 Ng4 16. Ne5 Ndxe5 17. dxe5 Qxe5 18. g3 Qe4 19. f3 Qxe3+ 20. Kg2 Qh6
21. Qg1 0-1

[Event "II Aberto do Brasil de Maringa id. fide 69253 id. 
[Site "Maringa - Parana - Brasil"]
[Date "2012.08.08"]
[Round "1"]
[Board "28"]
[White "CHEMIN, Justo Reinaldo"]
[Black "DE LIMA, Tulio Bruno"]
[Result "1-0"]
[WhiteElo "2153"]
[BlackElo "1805"]
[PlyCount "47"]
[EventDate "2012.08.08"]
[EventRounds "9"]
[EventCountry "BRA"]

1. d4 Nf6 2. c4 d6 3. Nc3 Nbd7 4. Nf3 g6 5. g3 Bg7 6. Bg2 O-O 7. O-O c5 8. b3
cxd4 9. Nxd4 e5 10. Ndb5 Ne8 11. Nxd6 Nc5 12. Nxc8 Rxc8 13. Qxd8 Rxd8 14. Ba3
b6 15. Ne4 Nc7 16. Nxc5 bxc5 17. Bxc5 Rfe8 18. Rad1 a6 19. Rxd8 Rxd8 20. Bb6
Rd7 21. Bxc7 Rxc7 22. Rd1 Rc5 23. Rd7 Rc6 24. Bxc6 1-0

[Event "II Aberto do Brasil de Maringa id. fide 69253 id. 
[Site "Maringa - Parana - Brasil"]
[Date "2012.08.08"]
[Round "1"]
[Board "29"]
[White "MAZARON, Amanda De Oliveira"]
[Black "SOUZA NEVES, Andrey M"]
[Result "0-1"]
[WhiteElo "1802"]
[BlackElo "2140"]
[PlyCount "38"]
[EventDate "2012.08.08"]
[EventRounds "9"]
[EventCountry "BRA"]

1. e4 c6 2. Nc3 d5 3. f3 e6 4. d3 Bb4 5. a3 Ba5 6. d4 Bxc3+ 7. bxc3 dxe4 8.
fxe4 Qh4+ 9. g3 Qxe4+ 10. Qe2 Qxh1 11. Bg2 Qxg1+ 12. Kd2 Nd7 13. Bb2 Qxh2 14.
Qf2 Ngf6 15. Rh1 Ne4+ 16. Ke2 Nxg3+ 17. Kf3 Nxh1 18. Qe2 Qg3+ 19. Ke4 f5# 0-1

[Event "II Aberto do Brasil de Maringa id. fide 69253 id. 
[Site "Maringa - Parana - Brasil"]
[Date "2012.08.08"]
[Round "1"]
[Board "30"]
[White "ZALLIO, Luciano Souza"]
[Black "AFONSO, Rafael"]
[Result "1/2-1/2"]
[WhiteElo "2138"]
[BlackElo "1800"]
[PlyCount "96"]
[EventDate "2012.08.08"]
[EventRounds "9"]
[EventCountry "BRA"]

1. e4 e5 2. Nf3 Nc6 3. Bc4 Nf6 4. c3 Be7 5. O-O O-O 6. d3 d6 7. Bb3 Bg4 8. Re1
Qd7 9. Nbd2 Rfd8 10. Nf1 h6 11. h3 Be6 12. Bc2 Bf8 13. d4 exd4 14. cxd4 d5 15.
e5 Nh7 16. Ng3 Ne7 17. Qd3 g6 18. Nh4 Bf5 19. Nhxf5 Nxf5 20. Nxf5 Qxf5 21. Qxf5
gxf5 22. Bxf5 Ng5 23. Bxg5 hxg5 24. Rac1 c6 25. Re3 Bg7 26. Rg3 f6 27. e6 Kf8
28. b4 Ke7 29. b5 Rac8 30. Rgc3 Kd6 31. Kh2 Rc7 32. Kg3 Rh8 33. Kh2 Rh4 34.
bxc6 bxc6 35. g3 Rxd4 36. Rxc6+ Rxc6 37. Rxc6+ Kxc6 38. e7 Re4 39. Bxe4 Kd7 40.
Bxd5 Kxe7 41. h4 gxh4 42. gxh4 Bh6 43. Kg3 Bd2 44. Kg4 Kf8 45. Kf5 Kg7 46. h5
Bc3 47. a4 Bd4 48. f4 Bc3 1/2-1/2